| 000 | 00605nam a2200205 a 4500 | ||
|---|---|---|---|
| 005 | 20140310183452.0 | ||
| 008 | 090310s19uu xx 00 eng d | ||
| 020 | _a9780324537352 | ||
| 050 |
_aHJ 141 _b.H96 2008 |
||
| 100 | _aHyman, David N. | ||
| 245 |
_aPublic finance : _ba contemporary application of theory to policy. _cDavid N. Hyman. |
||
| 250 | _a9th ed. | ||
| 260 |
_aAustralia : _bThomson South-Western, _c2008. |
||
| 300 |
_a748 p. : _bill. col. ; _c27 cm. |
||
| 521 | _aBSBA | ||
| 650 | _aBSBA. | ||
| 650 |
_aFinance, Public _xUnited States. |
||
| 942 |
_cBK _2lcc _kFOR |
||
| 999 |
_c23464 _d23464 |
||